[Event "Maria Teresa Mora Memorial op"]
[Site "Havana"]
[Date "2018.??.??"]
[Round "4"]
[White "Perez Alarcon, Rafael"]
[Black "Corujedo Hernandez, Rafael"]
[Result "1-0"]
[WhiteElo "1943"]
[BlackElo "1851"]
[PlyCount "117"]
[EventDate "2018.03.08"]
[EventType "swiss"]
[EventRounds "9"]
[EventCountry "CUB"]
[SourceTitle "EXT 2021"]
[Source "ChessBase"]
[SourceDate "2020.10.23"]
[SourceVersion "1"]
[SourceVersionDate "2020.10.23"]
[SourceQuality "1"]

1. d4 Nf6 2. Nf3 d5 3. e3 e6 4. Bd3 c5 5. b3 Nc6 6. 0-0 Bd6 7. Bb2 0-0 8. Ne5 cxd4 9. exd4 Qc7 10. f4 Nb4 11. Nd2 Nxd3 12. Nxd3 Bd7 13. Ne5 Rac8 14. Rc1 Qd8 15. c4 b6 16. Qf3 Bb4 17. Rf2 Bxd2 18. Rxd2 Ne4 19. Rdc2 f6 20. Nd3 Qc7 21. c5 bxc5 22. Nxc5 Nxc5 23. Rxc5 Qd6 24. g3 Qa6 25. a3 Qb6 26. b4 Rxc5 27. Rxc5 Rc8 28. Qg4 Rc7 29. Qe2 a6 30. Kf2 Rc6 31. h4 Rd6 32. Qd3 Bb5 33. Rc8+ Rd8 34. Qc2 Bc4 35. Rc5 Rd6 36. Qa4 Bb5 37. Qd1 Bc4 38. Qh5 Qd8 39. Rc7 Rd7 40. Rc6 Qe7 41. Qg4 f5 42. Qh5 Bb5 43. Rc5 Rd8 44. Qd1 Qf7 45. a4 Bc4 46. Qe1 Qd7 47. Ra5 g6 48. Qe5 Qd6 49. Qe1 Rb8 50. Rc5 Kf7 51. Bc3 Ke7 52. Qe3 h5 53. Qc1 Kf7 54. Bb2 Bb3 55. Qc3 Bxa4 56. Rc7+ Bd7 57. Ba3 Rb5 58. Ra7 Qb6 59. Rxd7+ 1-0